Statistics for Can you name 150 Animes?

Click here to take the quiz!

General Stats

  • This quiz has been taken 1,041 times
    (1,034 since last reset)
  • The average score is 30 of 150

Answer Stats

Nr.Answer% Correct
1Naruto
95%
2One Piece
91%
5Dragon Ball Z
81%
4Bleach
77%
19Attack on Titan
76%
18Death Note
75%
66K
75%
144Boku no Hero Academia
65%
10Hunter x Hunter
64%
80Demon Slayer
63%
13Fullmetal Alchemist
58%
14Fullmetal Alchemist: Brotherhood
58%
45Haikyuu
53%
7Pokemon
53%
17Tokyo Ghoul
53%
89One Punch Man
52%
15Sword Art Online
52%
3Fairy Tail
49%
72Code Geass
45%
28Black Clover
44%
20Assassination Classroom
39%
25Black Butler
38%
30 | 76Cowboy Bebop
37%
6Sailor Moon
36%
65K-ON
34%
33Seven Deadly Sins
34%
21Blue Exorcist
32%
12Gintama
32%
41Kuroko no Basket
32%
39Neon Genesis Evangelion
32%
69Steins;Gate
30%
88Your Lie In April
30%
37Akame ga Kill
29%
24Soul Eater
29%
32Food Wars
28%
43Free!
28%
59Re:Zero
28%
44Yuri on Ice
28%
49High School DxD
27%
11Inuyasha
27%
36Kill la Kill
27%
58No Game No Life
27%
48Angel Beats
25%
35Noragami
25%
90toradora
25%
73Erased
24%
8Yu Gi Oh
24%
122Berserk
22%
60Fate/Zero
22%
50High School of the Dead
22%
96Death Parade
21%
51Ouran High School Host Club
21%
104Vinland Saga
21%
117Mirai Nikki
20%
92Violet Evergarden
20%
131Monster
19%
71Parasyte
19%
74Another
18%
9Case Closed
18%
118Clannad
18%
119Clannad After Story
18%
75Mob Psycho 100
18%
97Overlord
18%
63Banana Fish
17%
70Psycho-Pass
17%
140Baki
16%
91Durarara
16%
125Konosuba
16%
38Darling in the Franxx
15%
40Elfenlied
15%
61AnoHana
14%
110Hellsing
14%
52Kaichou wa Maid-sama
14%
141Black Lagoon
13%
95Charlotte
13%
67Danganronpa
13%
139Samurai Champloo
13%
116Bungo Stray Dogs
12%
94Deadman Wonderland
12%
93Devilman Crybaby
12%
123Gurren Lagann
12%
124Madoka Magica
12%
22Magi
12%
42Slam Dunk
12%
137Akira
11%
82given
11%
146Trigun
11%
56Vampire Knight
11%
142Yu Yu Hakusho
11%
26Black Bullet
9%
55Darker than Black
9%
81Goblin Slayer
9%
83JoJo's Bizarre Adventures
9%
145The Devil is a Part-timer
9%
108Bakemonogatari
8%
147Blood+
8%
102Ghost in the Shell
8%
16Log Horizon
8%
129Baccano!
7%
34D. Gray Man
7%
101Full Metal Panic
7%
29Guilty Crown
7%
46Prince of Tennis
7%
149Claymore
6%
135Hyouka
6%
126Love Live!
6%
85Lucky Star
6%
47Nisekoi
6%
68Danmachi
5%
107Hetalia
5%
138Mushishi
5%
128Nichijou
5%
150Shaman King
5%
148Afro Samurai
4%
53Corpse Party
4%
114No.6
4%
78Rurouni Kenshin
4%
136Terror In Resonance
4%
106The Disastrous Life of Saiki K.
4%
121The Rising of the Shield Hero
4%
31Tower of God
4%
134When They Cry
4%
57Rosario + Vampire
3%
132Spice And Wolf
3%
54Akatsuki no Yona
2%
27Black Cat
2%
103God Eater
2%
84Junjou Romantica
2%
23Pandora Hearts
2%
64The Irregular at Magic High School
2%
98Trinity Seven
2%
120Blue Dragon
1%
105D N Angel
1%
62Gangsta.
1%
111Hikaru no Go
1%
133Kagegurui
1%
87Karneval
1%
109Loveless
1%
143Magic Kaito
1%
77Skip Beat!
1%
100Uta no Prince-sama
1%
11307-Ghost
0%
130Asterisk War
0%
86Brave 10
0%
99Children of the Whales
0%
112Get Backers
0%
79RomeoXJuliet
0%
127The Testament of Sister New Devil
0%
115Trinity Blood
0%

Score Distribution

Percentile by Number Answered

Percent of People with Each Score

Your Score History

You have not taken this quiz since the last reset